|
|
|
|
| LEADER |
01448nam a2200421 a 4500 |
| 001 |
nkc20081810072 |
| 003 |
CZ PrNK |
| 005 |
20080912122331.0 |
| 007 |
ta |
| 008 |
080624s2008 xr a e f 000 0 cze |
| 015 |
|
|
|a cnb001810072
|
| 020 |
|
|
|a 978-80-249-1076-5
|q (váz.)
|
| 035 |
|
|
|a (OCoLC)237197171
|
| 040 |
|
|
|a OLA001
|b cze
|
| 043 |
|
|
|a e-xr---
|b e-xr-cc
|2 czenas
|
| 072 |
|
7 |
|a 641
|x Kuchařství. Potraviny. Vařená jídla
|2 Konspekt
|9 19
|
| 080 |
|
|
|a 641.568(437.3)
|2 MRF
|
| 080 |
|
|
|a (437.31-17)
|2 MRF
|
| 080 |
|
|
|a (083.12)
|2 MRF
|
| 100 |
1 |
|
|a Marhold, Jiří,
|d 1932-
|7 mzk2002147918
|4 aut
|
| 245 |
1 |
0 |
|a Krkonošská kuchařka /
|c Jiří Marhold ; [ilustrace Jiří Winter Neprakta]
|
| 250 |
|
|
|a Vyd. 3., (V Euromedia 2.)
|
| 260 |
|
|
|a V Praze :
|b Ikar,
|c 2008
|
| 300 |
|
|
|a 435 s. :
|b il. ;
|c 21 cm
|
| 500 |
|
|
|a Terminologický slovník
|
| 504 |
|
|
|a Obsahuje bibliografii
|
| 650 |
0 |
7 |
|a česká jídla
|7 ph116856
|2 czenas
|
| 650 |
0 |
9 |
|a Czech cookery
|2 eczenas
|
| 655 |
|
7 |
|a kuchařské recepty
|7 fd132687
|2 czenas
|
| 655 |
|
9 |
|a cookbooks
|2 eczenas
|
| 651 |
|
7 |
|a Krkonoše (Česko a Polsko : pohoří : oblast)
|7 ge134290
|2 czenas
|
| 651 |
|
9 |
|a Krkonoše Region (Czechia and Poland)
|2 eczenas
|
| 910 |
2 |
|
|a BOA001
|b 2-1207.735
|
| 928 |
9 |
|
|a Euromedia Group - Ikar
|
| 990 |
|
|
|a BK
|
| 995 |
|
|
|a 01
|
| 991 |
|
|
|b 200807
|c NOV
|
| 996 |
6 |
|
|b 2610347068
|c 2-1207.735
|l MZK
|r Sklad / do 1 hodiny
|n 3
|p p.v.
|w 001066974
|u 000010
|a 1
|e BOA001
|j MZK50
|s P
|